000 00829nas a2200241 4500
001 BR9208038
003 BR-BrBNA
005 20231205093054.0
007 ta
008 230509b bl.|||p| |||| 00| 00por d
040 _aBR-BrBNA
_bpor
_cBiblioteca Nacional de Agricultura
041 _a(En)
072 _aF70
100 1 _aMori, S.A.
245 1 _aNew bracteate species of Eschweilera (Lecythidaceae)from the Amazon valley, Brazil
246 1 _aNew bracteate species of Eschweilera (Lecythidaceae)from the Amazon valley, Brazil
650 _aLECYTHIDACEAE
650 _aTAXONOMIA VEGETAL
650 _aAMAZONIA
773 0 _tBoletim do Museu Paraense Emilio Goeldi. Serie Botanica (Brazil)
_xISSN 0077-2216
_g(Jul 1989), v. 5(1) p. 19-24
_wBR9208038
909 _a202311
_bLúcia
_c55
_dLúcia Elande
942 _2AGRIS
_n0
_cANA
999 _c136062
_d136062